Wii Sports Resort の競技 - Statistics

General Stats
  • This quiz has been taken 135 times
  • The average score is 9 of 12
Answer Stats
Answer % Correct
ピンポン
88%
ボウリング
88%
チャンバラ
87%
ゴルフ
87%
アーチェリー
86%
バスケットボール
80%
自転車
71%
フリスビー
65%
カヌー
62%
スカイレジャー
60%
ウェイクボード
56%
マリンバイク
41%
No matching quizzes found
Score Distribution
Percent of People with Each Score
Percentile by Number Answered
Your Score History
You have not taken this quiz